=LDR 00000nam 2200000 4500 =001 INLIS000000000009816 =005 20130612101606 =008 ***********************************Ind** =035 ##$$0010-061300000009816 =041 ##$$a Ind =082 ##$$a 028.55 =090 ##$$a 028.55, Yus k =100 ##$$a Yusuf, Abdul Tawwab =245 ##$$a Kisah Buroq, Abdul Tawwab Yusuf ; Penerjemah, Muhbib Abdul Wahab =260 ##$$a 2002 $b Jakarta =300 ##$$a 20 hlm., ilus., 32 cm =650 ##$$a Bacaan Kanak - Kanak =700 ##$$a Wahab, Muhbib abdul =850 ##$$a NBPNMAT